| 000 | 00838nas a2200301 4500 | ||
|---|---|---|---|
| 001 | BR9804973 | ||
| 003 | BR-BrBNA | ||
| 005 | 20231205101129.0 | ||
| 007 | ta | ||
| 008 | 230509b bl.|||p| |||| 00| 00por d | ||
| 040 |
_aBR-BrBNA _bpor _cBiblioteca Nacional de Agricultura |
||
| 041 | _a(Pt) | ||
| 072 | _aL74 | ||
| 100 | 1 | _aDriemeier, D. | |
| 100 | 1 | _aFinger, G.P. | |
| 100 | 1 | _aRocha, A.L. de A. | |
| 100 | 1 | _aGarbade, P. | |
| 100 | 1 | _aRodrigues, R.J.D. | |
| 100 | 1 | _aMattos, R.C. | |
| 245 | 1 | _aAborto e placentite micotica por Aspergillus fumigatus em uma egua | |
| 650 | _aEgua | ||
| 650 | _aAborto | ||
| 650 | _aFungo | ||
| 650 | _aPlacenta | ||
| 773 | 0 |
_tCiencia Rural (Brazil) _xISSN 0103-8478 _g(Apr-Jun 1998), v. 28(2) p. 321-324 _wBR9804973 |
|
| 909 |
_a202311 _bLúcia _c55 _dLúcia Elande |
||
| 942 |
_2AGRIS _n0 _cANA |
||
| 999 |
_c159921 _d159921 |
||